000 00527nam a2200193 i 4500
001 124460
003 ES-MaACL
007 t|
008 070327s1928 sp ||||1| spa d
080 _a340.6:616.89(022)
100 1 _aWeygandt, W.
_9116601
245 1 0 _aPsiquiatría forense /
_cW. Weygandt.
260 _aBarcelona :
_bLabor,
_c1928.
300 _a415 p. ;
_c17 cm.
490 1 _aColección Labor ;
_v187, 188
830 0 0 _aColección Labor
_v187, 188
_9184254
852 _aES-MaACL
_jE-2706
999 _c124460
_d124460